| 000 | 01379nam a2200313 a 4500 | ||
|---|---|---|---|
| 001 | ebr10479700 | ||
| 003 | CaPaEBR | ||
| 006 | m u | ||
| 007 | cr cn||||||||| | ||
| 008 | 110714s2010 enka sb 001 0 eng d | ||
| 020 | _z9780745329963 (paperback) | ||
| 020 | _z9780745329970 | ||
| 020 | _z9781849644426 (e-book) | ||
| 040 |
_aCaPaEBR _cCaPaEBR |
||
| 035 | _a(OCoLC)658045154 | ||
| 050 | 1 | 4 |
_aHM708 _b.F56 2010eb |
| 100 | 1 | _aFine, Ben. | |
| 245 | 1 | 0 |
_aTheories of social capital _h[electronic resource] : _bresearchers behaving badly / _cBen Fine. |
| 260 |
_aLondon : _bPluto Press ; _aNew York : _bDistributed in the United States by Palgrave Macmillan, _c2010. |
||
| 300 |
_aix, 271 p. : _bill. |
||
| 500 | _aPublished in association with the International Initiative for Promoting Political Economy (IIPPE). | ||
| 504 | _aIncludes bibliographical references and index. | ||
| 533 |
_aElectronic reproduction. _bPalo Alto, Calif. : _cebrary, _d2011. _nAvailable via World Wide Web. _nAccess may be limited to ebrary affiliated libraries. |
||
| 650 | 0 | _aSocial capital (Sociology) | |
| 655 | 7 |
_aElectronic books. _2local |
|
| 710 | 2 | _aInternational Initiative for Promoting Political Economy. | |
| 710 | 2 | _aebrary, Inc. | |
| 856 | 4 | 0 |
_uhttp://site.ebrary.com/lib/rucke/Doc?id=10479700 _zAn electronic book accessible through the World Wide Web; click to view |
| 999 |
_c117628 _d117628 |
||